Statistics for Vegetables in French

Click here to take the quiz!

General Stats

  • This quiz has been taken 40 times
  • The average score is 16 of 44

Answer Stats

Answer% Correct
Une pomme de terre
100%
Un oignon
71%
Une aubergine
59%
Une courgette
59%
Un champignon
53%
Un chou
53%
Une carotte
53%
Une tomate
53%
Un haricot
53%
Un pois
53%
Un ail
47%
Un chou-fleur
47%
Un haricot vert
47%
Un artichaut
41%
Un brocoli
41%
Un concombre
41%
Une lentille
41%
Un épinard
41%
Un gingembre
41%
Un haricot rouge
41%
Un poireau
41%
Un céleri
35%
Une asperge
35%
Une laitue
35%
Un maïs
35%
Un radis
35%
Un chou de Bruxelles
29%
Une patate douce
29%
Un poivron
29%
Un rutabaga
29%
Un cresson
24%
Une betterave
24%
Une citrouille
24%
Une pois chiche
24%
Un fenouil
24%
Un navet
24%
Un oignon vert
24%
Un panais
24%
Un piment
24%
Un chou frisé
18%
Une courge butternut
12%
Un gombo
6%
Un haricot de Lima
6%
Un haricot d'Espagne
6%

Score Distribution

Percentile by Number Answered

Percent of People with Each Score

Your Score History

You have not taken this quiz